Fundamental methods of mathematical economics / (Record no. 334)

MARC details
000 -LEADER
fixed length control field 00637nam a22001697a 4500
008 - FIXED-LENGTH DATA ELEMENTS--GENERAL INFORMATION
fixed length control field 111209t xxu||||| |||| 00| 0 eng d
020 ## - INTERNATIONAL STANDARD BOOK NUMBER
International Standard Book Number 0070662193
050 ## - LIBRARY OF CONGRESS CALL NUMBER
Classification number HB135.C47
100 ## - MAIN ENTRY--PERSONAL NAME
Personal name Chiang, Alpha C.
245 ## - TITLE STATEMENT
Title Fundamental methods of mathematical economics /
Statement of responsibility, etc. Alpha C. Chiang
260 ## - PUBLICATION, DISTRIBUTION, ETC.
Place of publication, distribution, etc. Auckland:
Name of publisher, distributor, etc. McGraw-Hill,
Date of publication, distribution, etc. c1984.
300 ## - PHYSICAL DESCRIPTION
Extent xii,788 p.:
Other physical details ill.
Dimensions 21cm.
500 ## - GENERAL NOTE
General note Includes index.
505 ## - FORMATTED CONTENTS NOTE
Formatted contents note Contents: Introduction -- Static (or equilibrium) analysis -- Comparative-static analysis -- Optimization problems -- Dynamic analysis -- Mathematical programming.
650 ## - SUBJECT ADDED ENTRY--TOPICAL TERM
Topical term or geographic name entry element Economics, mathematical
942 ## - ADDED ENTRY ELEMENTS (KOHA)
Source of classification or shelving scheme Library of Congress Classification
Koha item type Books
Holdings
Withdrawn status Lost status Source of classification or shelving scheme Damaged status Not for loan Home library Current library Shelving location Date acquired Total Checkouts Full call number Barcode Date last seen Price effective from Koha item type
    Library of Congress Classification     WISCONSIN INTERNATIONAL UNIVERSITY COLLEGE, GHANA - MAIN LIBRARY WISCONSIN INTERNATIONAL UNIVERSITY COLLEGE, GHANA - MAIN LIBRARY General Stacks 09/12/2011   HB135.C47 759/11 09/12/2011 09/12/2011 Books

If you have any concerns or questions; kindly contact the library


© Powered by WIUC ICT DIRECTORATE